تفوق و برتری اسپانیا (۱۵۵۹ـ۱۶۶۰) ;; tafawwuq wa bartarī-i Ispānyā (1559-1660) / (Record no. 78596)
[ view plain ]
| 000 -LEADER | |
|---|---|
| fixed length control field | 00899nam a2200241 4500 |
| 001 - CONTROL NUMBER | |
| control field | 78596 |
| 003 - CONTROL NUMBER IDENTIFIER | |
| rucl marc code | BD-RjUL |
| 005 - DATE AND TIME OF LATEST TRANSACTION | |
| control field | 20211209083139.0 |
| 008 - FIXED-LENGTH DATA ELEMENTS--GENERAL INFORMATION | |
| fixed length control field | 211019b13291912ir ||||| |||| 00| 0 per d |
| 035 ## - SYSTEM CONTROL NUMBER | |
| System control number | (BD-RjUL)78822 |
| 040 ## - CATALOGING SOURCE | |
| Original cataloging agency | BD-RjUL |
| Language of cataloging | eng |
| Transcribing agency | BD-RjUL |
| 041 ## - LANGUAGE CODE | |
| Language code of text/sound track or separate title | per |
| 082 ## - DEWEY DECIMAL CLASSIFICATION NUMBER | |
| Edition number | 23 |
| Classification number | 946.051 |
| Author mark and year | BAT 1912 |
| 100 1# - MAIN ENTRY--PERSONAL NAME | |
| Personal name | بيانى, خانبابا ;; Byạny̱ , kẖạnbạbạ |
| 9 (RLIN) | 249145 |
| 245 10 - TITLE STATEMENT | |
| Title | تفوق و برتری اسپانیا (۱۵۵۹ـ۱۶۶۰) ;; tafawwuq wa bartarī-i Ispānyā (1559-1660) / |
| Statement of responsibility, etc. | نگارش: دکتر خانبابا بیانی ;; Ngạrsẖ: kẖạnbạbạ by̰ạny̰ |
| 260 ## - PUBLICATION, DISTRIBUTION, ETC. (IMPRINT) | |
| Place of publication, distribution, etc. | Tihrān : |
| Name of publisher, distributor, etc. | Dānišgāh Adubiyat, |
| Date of publication, distribution, etc. | 1912 |
| 300 ## - PHYSICAL DESCRIPTION | |
| Pagination | v. ; |
| Size | 24 cm |
| 490 ## - SERIES STATEMENT | |
| Series statement | Intišārāt-i Dānišgāh-i Tihrān, |
| 505 ## - FORMATTED CONTENTS NOTE | |
| Formatted contents note | Vol. 1.-- |
| 650 ## - SUBJECT ADDED ENTRY--TOPICAL TERM | |
| Topical term or geographic name as entry element | Spain |
| Form subdivision | histry |
| 9 (RLIN) | 249146 |
| 700 ## - ADDED ENTRY--PERSONAL NAME | |
| Personal name | Intišārāt-i Dānišgāh-i Tihrān, |
| 942 ## - ADDED ENTRY ELEMENTS (KOHA) | |
| Source of classification or shelving scheme | Dewey Decimal Classification |
| Koha item type | Books |
| Lost status | Source of classification or shelving scheme | Damaged status | Not for loan | Collection code | Permanent Location | Current Location | Shelving location | Date acquired | Source of acquisition | Cost, normal purchase price | Total Checkouts | Full call number | Date last seen | Copy number | Koha item type |
|---|---|---|---|---|---|---|---|---|---|---|---|---|---|---|---|
| Dewey Decimal Classification | Not For Loan | Non-fiction | Central Library, University of Rajshahi | Central Library, University of Rajshahi | Reading Room | 19/10/2021 | iran embassy | 60.00 | F 946.051 BAT V-1 1912 | 19/10/2021 | C-1 | Books |